Normal view
MARC view
Entry Topical Term
001 - CONTROL NUMBER
- control field: 96
003 - CONTROL NUMBER IDENTIFIER
- control field: NLI
005 - DATE AND TIME OF LATEST TRANSACTION
- control field: 20210115125417.0
008 - FIXED-LENGTH DATA ELEMENTS
- fixed length control field: 210115|| aca||aabn | a|a d
040 ## - CATALOGING SOURCE
- Original cataloging agency: NLI
- Transcribing agency: NLI
150 ## - HEADING--TOPICAL TERM
- Topical term or geographic name entry element: Education
- General subdivision: Grant
- Geographic subdivision: United States
670 ## - SOURCE DATA FOUND
- Source citation: Work cat.: (NLI): 880-01, Guide for audits of national direct student loan program, college work- study program supplemental educational opportunity program / , 1978
